header

The intelligent portfolio (Record no. 77326)

MARC details
000 -LEADER
fixed length control field 01331nam a2200337 a 4500
082 04 - DEWEY DECIMAL CLASSIFICATION NUMBER
Classification number 332.6
100 1# - MAIN ENTRY--AUTHOR NAME
Personal name Jones, Christopher L.,
245 14 - TITLE STATEMENT
Title The intelligent portfolio
260 ## - PUBLICATION, DISTRIBUTION, ETC. (IMPRINT)
Place of publication Hoboken, N.J. :
Name of publisher J. Wiley & Sons,
Year of publication c2008.
300 ## - PHYSICAL DESCRIPTION
Number of Pages xx, 364 p. :
Other physical details charts.
650 #0 - SUBJECT ADDED ENTRY--TOPICAL TERM
Topical Term Investments.
Topical Term Portfolio management.
Topical Term Investment analysis.
Topical Term Risk management.
856 40 - ELECTRONIC LOCATION AND ACCESS
Uniform Resource Identifier http://site.ebrary.com/lib/rucke/Doc?id=10296428

No items available.

© 2026 Rongo University
Contact us: librarian | system librarian | Rongo university